00340nam a2200097Ia 4500008004100000020001800041100002100059245010300080260004100183300001800224180315s9999 xx 000 0 und d a9781462526314 aSmith, Ronald E. cAscough, James CaPromoting emotional resilience :bcognitive-affective stress management training aNew York :b2016cThe Guilford Press axi, 340 pages